| Tag |
First Indicator |
Second Indicator |
Subfields |
| LEADER |
00000cem a2200000 i 4500 |
| 001 |
in00003514113 |
| 005 |
20151106040448.0 |
| 007 |
aj canzn |
| 008 |
150220s2014 gau g ca b f 1 eng c |
| 020 |
|
|
|a 9781593516932
|
| 020 |
|
|
|a 1593516932
|
| 034 |
1 |
|
|a a
|b 126720
|d W0825230
|e W0830730
|f N0373000
|g N0365230
|
| 035 |
|
|
|a (OCoLC)ocn903697234
|
| 040 |
|
|
|a GPO
|b eng
|e rda
|c GPO
|d GPO
|d MvI
|d UtOrBLW
|
| 042 |
|
|
|a pcc
|
| 043 |
|
|
|a n-us-ky
|
| 049 |
|
|
|a UDOC
|
| 052 |
|
|
|a 3952
|b D3
|
| 074 |
|
|
|a 0086-C
|
| 086 |
0 |
|
|a A 13.36/2-6:D 22/2/2014
|
| 110 |
1 |
|
|a United States.
|b Forest Service.
|b Southern Region,
|e cartographer.
|
| 245 |
1 |
0 |
|a Daniel Boone National Forest, Redbird Ranger District, Kentucky /
|c constructed 2012 by digital methods at the Geospatial Service and Technology Center in Salt Lake City, UT 2014 field review and additional edits were provided by the Southern Region.
|
| 255 |
|
|
|a Scale 1:126,720 ;
|b Albers projection
|c (W 82°52ʹ30ʺ--W 83°07ʹ30ʺ/N 37°30ʹ00ʺ--N 36°52ʹ30ʺ).
|
| 264 |
|
1 |
|a [Atlanta, Ga.] :
|b United States Department of Agriculture, Forest Service,
|c 2014.
|
| 300 |
|
|
|a 1 map :
|b color ;
|c 66 x 66 cm., folded to 23 x 11 cm.
|
| 336 |
|
|
|a cartographic image
|b cri
|2 rdacontent
|
| 337 |
|
|
|a unmediated
|b n
|2 rdamedia
|
| 338 |
|
|
|a sheet
|b nb
|2 rdacarrier
|
| 490 |
1 |
|
|a Recreation guide R8 ;
|v RG-476
|
| 500 |
|
|
|a Relief shown by shading and spot heights.
|
| 500 |
|
|
|a Panel title.
|
| 500 |
|
|
|a "Forest Service map."
|
| 500 |
|
|
|a "November 2014."
|
| 500 |
|
|
|a Shipping list number: 2015-0141-P.
|
| 500 |
|
|
|a Includes index to topographic maps.
|
| 500 |
|
|
|a Text, color illustrations, and vicinity map on verso.
|
| 500 |
|
|
|a Inset on verso: Redbird Wildlife Management Area. Scale 1:63,360.
|
| 651 |
|
0 |
|a Daniel Boone National Forest (Ky.)
|v Maps.
|
| 650 |
|
0 |
|a Outdoor recreation
|z Kentucky
|z Daniel Boone National Forest
|v Maps.
|
| 710 |
2 |
|
|a Geospatial Service and Technology Center (U.S.),
|e creator.
|
| 830 |
|
0 |
|a Recreation guide R8 (Atlanta, Ga. : 1990) ;
|v RG 476.
|
| 999 |
|
|
|a MARS
|
| 999 |
f |
f |
|s a025fb3a-b9be-322a-b1b1-71b2fa421bf2
|i 3f598e4a-58e8-3545-a43f-2c0270b62523
|t 0
|
| 952 |
f |
f |
|p normal
|a Texas A&M University
|b College Station
|c Sterling C. Evans Library
|d Evans: Maps File (2nd floor)
|t 0
|e A 13.36/2-6:D 22/2014
|h Superintendent of Documents classification
|i unmediated -- sheet
|m A14842647597
|
| 998 |
f |
f |
|a A 13.36/2-6:D 22/2014
|t 0
|l Evans: Maps File (2nd floor)
|